Foods That Are ACTUALLY American - Sudden Death - Statistics

General Stats
  • This quiz has been taken 31 times
  • The average score is 2 of 12
Answers on the Grid
Answers color-coded by a green-red scale on the quiz's grid according to % correct below.
Hotdog
Hamburger
Buffalo Wing
Chocolate Chip Cookie
S'Mores
Fries
Fried Chicken
Apple Pie
Donut
Macaroni & Cheese
General Tso's Chicken
Fortune Cookie
Bacon
Cheesecake
Nachos
Crab Cake
Corndog
Sloppy Joe
Cole Slaw
Fajita
Chimichanga
Pancake
German Chocolate Cake
Spaghetti & Meatballs
Caesar Salad
Hawaiian Pizza
Sushi Roll
Tortilla Chip
Grits
Crab Rangoon
 
Answer Stats
Answer % Correct
Buffalo Wing
63%
Chocolate Chip Cookie
42%
S'Mores
42%
Fortune Cookie
26%
General Tso's Chicken
16%
Chimichanga
11%
Spaghetti & Meatballs
11%
Crab Rangoon
5%
German Chocolate Cake
5%
Sushi Roll
5%
Fajita
0%
Tortilla Chip
0%
No matching quizzes found
Score Distribution
Percent of People with Each Score
Percentile by Number Answered
Your Score History
You have not taken this quiz